000 00308nam a2200133 i 4500
001 bg
100 1 _aOPOLSKI, T.
245 0 _aUrabianie mechaniczne i fizykalne /
_cT. Opolski.
260 _aKatowice,
_c1982.
040 _cBPK
041 _apol
942 _cKS
008 s pl f |000 0 pol
999 _c21776
_d21776
856 _uhttp://koha.tu.koszalin.pl/cgi-bin/koha/opac-detail.pl?biblionumber=21776
_yKatalog online BPK